|
|
|
|
| LEADER |
01962nam a2200457 i 4500 |
| 001 |
EBC4717109 |
| 003 |
MiAaPQ |
| 005 |
20200520144314.0 |
| 006 |
m o d | |
| 007 |
cr cnu|||||||| |
| 008 |
170517t20172017enka ob 001 0 eng d |
| 020 |
|
|
|z 9781786358318
|
| 020 |
|
|
|a 9781786358301 (e-book)
|
| 035 |
|
|
|a (MiAaPQ)EBC4717109
|
| 035 |
|
|
|a (Au-PeEL)EBL4717109
|
| 035 |
|
|
|a (CaPaEBR)ebr11379924
|
| 035 |
|
|
|a (CaONFJC)MIL1013170
|
| 035 |
|
|
|a (OCoLC)984992633
|
| 040 |
|
|
|a MiAaPQ
|b eng
|e rda
|e pn
|c MiAaPQ
|d MiAaPQ
|
| 050 |
|
4 |
|a HD69.P75
|b .B638 2017
|
| 082 |
0 |
|
|a 658.404
|2 23
|
| 100 |
1 |
|
|a Boateng, Prince,
|e author.
|
| 245 |
1 |
0 |
|a Megaproject risk analysis and simulation :
|b a dynamic systems approach /
|c by Prince Boateng, Zhen Chen, Stephen O. Ogunlana.
|
| 250 |
|
|
|a First edition.
|
| 264 |
|
1 |
|a Bingley, England :
|b Emerald Publishing,
|c 2017.
|
| 264 |
|
4 |
|c 2017
|
| 300 |
|
|
|a 1 online resource (371 pages) :
|b illustrations
|
| 336 |
|
|
|a text
|2 rdacontent
|
| 337 |
|
|
|a computer
|2 rdamedia
|
| 338 |
|
|
|a online resource
|2 rdacarrier
|
| 504 |
|
|
|a Includes bibliographical references and index.
|
| 588 |
|
|
|a Description based on online resource; title from PDF title page (ebrary, viewed May 17, 2017).
|
| 590 |
|
|
|a Electronic reproduction. Ann Arbor, MI : ProQuest, 2016. Available via World Wide Web. Access may be limited to ProQuest affiliated libraries.
|
| 650 |
|
0 |
|a Risk assessment
|x Simulation methods.
|
| 650 |
|
0 |
|a Project management
|x Simulation methods.
|
| 655 |
|
4 |
|a Electronic books.
|
| 700 |
1 |
|
|a Chen, Zhen,
|e author.
|
| 700 |
1 |
|
|a Ogunlana, Stephen O.,
|e author.
|
| 776 |
0 |
8 |
|i Print version:
|a Boateng, Prince.
|t Megaproject risk analysis and simulation : a dynamic systems approach.
|b First edition.
|d Bingley, England : Emerald Publishing, c2017
|h xxxvi, 334 pages
|z 9781786358318
|
| 797 |
2 |
|
|a ProQuest (Firm)
|
| 856 |
4 |
0 |
|u https://ebookcentral.proquest.com/lib/matrademy/detail.action?docID=4717109
|z Click to View
|